000 00349nam a22001577a 4500
005 20160627143742.0
008 160627b xxu||||| |||| 00| 0 eng d
041 _aeng
082 _b10638
100 _aSherlakar, S.A.
_92938
245 _aMarketing Management
260 _bHPH
_c2003
300 _a555
650 _aManagement
_9241
942 _cBK
999 _c4252
_d4251